000 00289nam a2200121 i 4500
001 bg
245 0 _aPrace matematyczno-fizyczne /
_cpod red. M. SkwarczyƄskiego.
260 _aRadom,
_c1982.
040 _cBPK
041 _apol
942 _cKS
008 s pl f |000 0 pol
999 _c21832
_d21832
856 _uhttp://koha.tu.koszalin.pl/cgi-bin/koha/opac-detail.pl?biblionumber=21832
_yKatalog online BPK